Sports Quiz

Random Sports or Football Quiz

Top 20 richest football clubs by owner Quiz Stats

 Plays Quiz not verified by Sporcle

Challenge
Share
Tweet
Embed
Score 0/20 Timer 10:00
0 Plays Today
Value Name of owner or football club % Correct
7bnRoman Abramovich
93%
1.1bnMalcolm Glazer and Family
81.3%
700mTom Hicks
81.3%
15bnSkekh Mansour Bin Zayed al-Nayan
76.6%
2.245bnStanley Kroenke
70.8%
1.5bnAlisher Usmanov
69%
750mRandy Lerner
60.8%
2.4bnBernie and Slavica Ecclestone
58.5%
12.5bnLakshmi Mittal and Family
57.3%
600mSir David Murray
49.7%
Value Name of owner or football club % Correct
1.2bnDermot Desmond
49.1%
650mMohammed al-Fayed
42.7%
1.2bnLord Grantchester and the Moores Family
40.4%
2.5bnJoe Lewis
33.3%
800mMike Ashley
28.1%
400mSteve Morgan
16.4%
660mThe Walker Family
9.4%
1.1bnLord Ashcroft
4.1%
900mTrevor Hemmings
1.8%
966mSimon Keswick
0.6%

You're not logged in!

Compare scores with friends on all Sporcle quizzes.
Join for Free
OR
Log In

You Might Also Like...

Show Comments

Extras

Top Quizzes Today


Score Distribution

Your Account Isn't Verified!

In order to create a playlist on Sporcle, you need to verify the email address you used during registration. Go to your Sporcle Settings to finish the process.

Report this User

Report this user for behavior that violates our Community Guidelines.

Details: